书目信息 |
| 题名: |
乐之舞
|
|
| 作者: | 权吉浩 作曲 | |
| 分册: | ||
| 出版信息: | 北京 人民音乐出版社 2013.07 |
|
| 页数: | 40页 | |
| 开本: | 32cm | |
| 丛书名: | 中国音乐学院科研与教学系列丛书 | |
| 单 册: | ||
| 中图分类: | J648.61 | |
| 科图分类: | ||
| 主题词: | 管弦乐--民族器乐曲--中国--现代 , 管弦乐 , 民族器乐曲 | |
| 电子资源: | ||
| ISBN: | 978-7-103-04322-6 | |
| 000 | 01030nam0 2200301 450 | |
| 001 | 0120131172551 | |
| 005 | 20201019165043.58 | |
| 010 | @a978-7-103-04322-6@dCNY49.00(含光盘) | |
| 100 | @a20131024d2013 em y0chiy0110 ea | |
| 101 | 0 | @achi |
| 102 | @aCN@b110000 | |
| 105 | @ag z 000yy | |
| 106 | @ar | |
| 200 | 1 | @a乐之舞@9yue zhi wu@e为民族管弦乐队而作@dMusical dance@efor Chinese national orchestra@f权吉浩[作曲]@zeng |
| 210 | @a北京@c人民音乐出版社@d2013.07 | |
| 215 | @a40页@d32cm@e1光盘 | |
| 225 | 1 | @a中国音乐学院科研与教学系列丛书 |
| 307 | @a附光盘:ISRC CN-M26-13-00289 | |
| 330 | @a全曲由四个部分组成,有四到五个音组成的商、羽、带“清商”音的燕乐羽调式等三个基本主题。 | |
| 333 | @a音乐爱好者 | |
| 510 | 1 | @aMusical dance@efor Chinese national orchestra@zeng |
| 606 | 0 | @a管弦乐@x民族器乐曲@y中国@z现代 |
| 606 | 0 | @a管弦乐 |
| 606 | 0 | @a民族器乐曲 |
| 690 | @aJ648.61@v5 | |
| 701 | 0 | @a权吉浩@9quan ji hao@f(1956~)@4作曲 |
| 801 | 0 | @aCN@b人天书店@c20131024 |
| 905 | @b1295100-03@dJ648.61@e247@f4 | |
| 乐之舞:为民族管弦乐队而作=Musical dance:for Chinese national orchestra/权吉浩[作曲].-北京:人民音乐出版社,2013.07 |
| 40页;32cm+1光盘.-(中国音乐学院科研与教学系列丛书) |
| 使用对象:音乐爱好者 |
| ISBN 978-7-103-04322-6:CNY49.00(含光盘) |
| 全曲由四个部分组成,有四到五个音组成的商、羽、带“清商”音的燕乐羽调式等三个基本主题。 |
| ● |
| 相关链接 |
|
|
|
|
正题名:乐之舞
索取号:J648.61/247
 
预约/预借
| 序号 | 登录号 | 条形码 | 馆藏地/架位号 | 状态 | 备注 |
| 1 | 1295100 | 212951000 | 第一样本阅览室/ [索取号:J648.61/247] | 在馆 | |
| 2 | 1295101 | 212951019 | 第一借阅区/ [索取号:J648.61/247] | 在馆 | |
| 3 | 1295102 | 212951028 | 第一借阅区/ [索取号:J648.61/247] | 在馆 | |
| 4 | 1295103 | 212951037 | 第一借阅区/ [索取号:J648.61/247] | 在馆 |